| 000 | 00844nam a2200253#a 4500 | ||
|---|---|---|---|
| 001 | 01918 | ||
| 003 | HDC | ||
| 007 | ta | ||
| 008 | 230623s2011 xx 000 0 eng d | ||
| 040 | _aHDC | ||
| 050 |
_asmecorp HD3616 _b.P45 2011 c70 |
||
| 110 | _aME Corporation Malaysia. | ||
| 245 | 0 |
_aPelan tindakan bersepadu PKS 2011 = _bSME integrated plan of action 2011 / _cSME Corporation Malaysia. |
|
| 246 | _aSME integrated plan of action 2011. | ||
| 264 |
_aKuala Lumpur : _bMajlis Pembangunan PKS Kebangsaan, _c2011. |
||
| 300 |
_a599p. _b ill. ; _c 29cm. |
||
| 650 |
_aIndustrial policy _zMalaysia _y2006-2010. |
||
| 650 |
_aIndustries _zMalaysia _xPlanning _y2006-2010. |
||
| 650 |
_andustrial development projects _zMalaysia _xPlanning _y2006-2010. |
||
| 942 | _2lcc | ||
| 942 | _cBK | ||
| 942 | _ksmecorp HD3616 | ||
| 942 | _m.P45 2011 c70 | ||
| 999 |
_c23479 _d23479 |
||